Wolfram Alpha – Extraordinary program not only for mathematics

Salvato in:
Dettagli Bibliografici
Autore principale: Mihalechová, Jana, 1988-
Altri autori: Bilíková, Mária, 1951-
Natura: Capitolo di libro
Lingua:slovacco
Soggetti:
Tags: Aggiungi Tag
Nessun Tag, puoi essere il primo ad aggiungerne!!

MARC

LEADER 00000nla a2200000 4500
001 0208590
005 20240502073451.2
041 0 |a slo 
044 |a SK 
245 1 0 |a Wolfram Alpha – Extraordinary program not only for mathematics  |c Jana Mihalechová, Mária Bilíková 
610 2 0 |a matematika poistná 
610 2 0 |a metódy aktuárske 
610 2 0 |a funkcie matematické 
610 2 0 |a vzorce 
610 2 0 |a jazyky programovacie 
610 2 0 |a softvér 
100 1 |a Mihalechová, Jana, 1988- 
700 1 |a Bilíková, Mária, 1951-